Manual de direito das faml̕ias e das sucesse̳s 3® ediȯ̂ revista e atualizada de acordo com o novo CPC /

Detalles Bibliográficos
Autor principal: Pereira Leite Ribeiro, Gustavo
Otros Autores: Brochado Teixeira, Ana Carolina
Formato: eBook
Lenguaje:portugués
Publicado: Rio de Janeiro: Editora Processo, 2017
Edición:3era. Edicin̤
Materias:
Acceso en línea:Acceso restringido

MARC

LEADER 00000nam a22000007a 4500
005 20220812020430.0
007 cr|||| ||||
008 220812s2017 br |||||s|||| 00||0 por d
020 |a 978-85-93741-13-5 
035 |a 36821 
040 |a vLex 
090 |c 13695  |d 13695 
100 1 |a Pereira Leite Ribeiro, Gustavo 
245 1 0 |a Manual de direito das faml̕ias e das sucesse̳s  |h [Recurso electrn̤ico] :  |b 3® ediȯ̂ revista e atualizada de acordo com o novo CPC /  |c Gustavo Pereira Leite Ribeiro, Ana Carolina Brochado Teixeira 
250 |a 3era. Edicin̤ 
256 |a Servicio en ln̕ea 
260 |a Rio de Janeiro:  |b Editora Processo,  |c 2017 
300 |a 1 recurso electrn̤ico 
500 |a Em 2006, nasceu a ideia de prepararmos um livro que abrangesse o Direito das Faml̕ias e das Sucesse̳s, sob uma perspectiva didt̀ica, que englobasse a estrutura dos institutos, mas tambm̌ que lhes fosse impressa uma visô contemporńea e problemt̀ica, sem abandonar as perspectivas doutrinr̀ia e jurisprudencial. Foi por meio dessa diretriz que foram escolhidos os coautores - todos professores preocupados com a efetividade desses ramos do Direito Civil -, em vr̀ios estados brasileiros, para que se pudesse mapear um direito mais globalizado e se verificasse a genun̕a construȯ̂ de um Direito das Faml̕ias e das Sucesse̳s efetivamente brasileiro. Esta terceira ediȯ̂ agrega novos trabalhos, para que a reflexô seja mais completa, tanto no que se refere a temas manuals̕ticos quanto no que tange a assuntos controvertidos e inovadores. 
506 1 |a Disponible solo en los productos indicados  |d vLex Global  |d vLex Global (Academic Edition, excluding Law Schools)  |d vLex Global (U.S. Academic Edition, Law Schools)  |d vLex Global (U.S. Academic Edition, excluding Law Schools)  |d vLex Global (Academic Edition, Law Schools) 
650 0 4 |a Familia y Sucesiones  |z Brasil 
700 1 |a Brochado Teixeira, Ana Carolina 
740 0 |a vLex Libros (Servicio en ln̕ea) 
856 4 0 |u https://app.vlex.com/#/sources/36821  |z Acceso restringido 
942 |c BOOK 
999 0 |a Family and Inheritance